MDQL
is popping MORE tags! Check the
thread
!
Quizzes
Events
Quiz Creation
Community
Videos
Private Events
Remove Ads
Sign In
Join for FREE
Feedback
Dark Mode
Quiz Categories
Sports
Geography
Music
Movies
Television
Just For Fun
Miscellaneous
History
Literature
Language
Science
Gaming
Entertainment
Religion
Holiday
For Kids
Quiz Lab
Recent
Popular Today
Quiz Kudos Today
Editor Picks
Curator Picks
Quizzes by...
Day
Popularity
Type
Ratings
Length
Year
Community
Subscriptions
Recent Discussions
Orange Saloon
Badges
Playlists
Quests
Create
Leaderboards
Showdown
Live 5
Trivia Bingo
Activity
Puzzle Library
Sporcle Events
Private Events
Virtual Trivia
Globe League
Become a Host
Pub Owners
SporcleCon
Opinionation
Our Games
Videos
Blog
Mobile Apps
Partnerships
Remove Ads and Go Orange
Feedback
Movies
Disney
Marvel Cinematic Universe
Movie Resume
Movie Titles
Oscar
Actor
Actress
Director
Pixar
Role
Movie Quotes
Movie Characters
Box Office
Nominee
Best Picture
Star Wars
James Bond
Horror Movies
Movies
Disney
Marvel Cinematic Universe
Movie Resume
Movie Titles
Oscar
Actor
Actress
Director
Pixar
Role
Movie Quotes
Movie Characters
Box Office
Nominee
Best Picture
Star Wars
James Bond
Horror Movies
Random Quiz
Search Sporcle
×
Quiz Lab
Quiz Lab
Movies
Movie Titles
Type in answers that appear in a list
Type in answers that appear in a list
Classic
Best Score? Go Orange.
Can you place the words in these famous movie titles Stats
Can you place the words in these famous movie titles
By
C_schnee16
3m
25 Questions
31 Plays
31 Plays
31 Plays
Comments
Comments
Give Quiz Kudos
Give Quiz Kudos
-
- Ratings
hide this ad
Replay
Link that replays current quiz
Next Quiz
Link to next quiz in quiz playlist
You Got
0%
They Got
Avg Score
82%
Avg Friend Score
Upgrade to see
Score Distribution
Jump to the score distribution portion of the page
Score
0/25
Timer
03:00
0
Plays Today
Movie
Movie
% Correct
Pulp _
_
_
_
_
_
_
fiction
100%
The _
_
_
_
_
_
and the Furious
fast
100%
Back to the _
_
_
_
_
_
_
_
_
_
future
100%
_
_
_
_
_
_
_
Kane
citizen
93.5%
the Dark _
_
_
_
_
_
_
_
_
knight
93.5%
Fight _
_
_
_
club
93.5%
Good _
_
_
_
Hunting
will
93.5%
A _
_
_
_
_
_
_
_
_
_
Orange
clockwork
90.3%
Inglourious _
_
_
_
_
_
_
_
_
basterds
87.1%
_
_
_
_
_
_
_
_
_
_
_
_
_
List
schindler's
87.1%
Straight outta _
_
_
_
_
_
_
_
_
_
compton
87.1%
Full Metal _
_
_
_
_
_
_
_
jacket
87.1%
The _
_
_
_
_
_
_
_
_
_
_
Redemption
shawshank
83.9%
Movie
Movie
% Correct
Mad _
_
_
_
_
max
83.9%
_
_
_
_
_
_
_
's: a Space Odyssey
2001
83.9%
_
_
_
_
_
_
_
_
_
_
_
_
_
_
_
_
's Day Off
ferris bueller
83.9%
_
_
_
_
_
_
_
loose
foot
80.6%
Butch Cassidy and the _
_
_
_
_
_
_
_
Kid
sundance
80.6%
_
_
_
_
_
_
_
_
_
_
ups
grown
77.4%
_
_
_
_
_
_
_
_
_
_
_
_
_
and Confused
dazed
77.4%
The Big _
_
_
_
_
_
_
_
lebowski
71%
_
_
_
_
_
_
_
_
_
_
_
_
_
_
_
_
Day
independence
71%
Office _
_
_
_
_
_
space
67.7%
The _
_
_
_
_
_
_
_
_
_
Saints
boondock
54.8%
Dead_
_
_
_
_
_
_
pool
45.2%
Quiz Playlist
Details
Report
Send in Message
Add To Playlist
Classic:
Type in answers that appear in a list
Last Updated: Feb 19, 2017
Quiz Scoreboard
CHALLENGE
Sign Up to Join the Scoreboard
Show All
Scores
Hide
Comments
May contain spoilers
Recently Published
Colored Red Africa Blitz
by spor1
Geography
30s
Find the 'City' Movie
by crazypaving
Movies
60s
5x2 Blitz: Bands
by SL_Kpop136
Music
30s
More to Explore
Quiz From the Vault
Featured Blog Post
14 Easter Pick-up Lines to Find Eggs With
hide this ad
You Might Also Like...
Tags
Movie Titles Quiz
Today's Top Quizzes in Movies
Browse Movies
hide this ad
Today's Top Quizzes in Movie Titles
Browse Movie Titles
Top Contributed Quizzes in Movies
1
Find The 'Big' Movie
2
Find The 'Wild' Movie
3
Find The 'Blue' Movie
4
Movies By Plot
5
Hidden Star Wars Character II
6
Pick 5 Posters: Directed by Spielberg
7
Hidden Star Wars Character III
8
The ultimate James Bond movie quiz
9
Hidden Star Wars Character IV
10
25 Best Actor Nominees (1990s)
Explore More
Trending Topics
Crossword
NBA
Marvel
Harry Potter
Disney
Kpop
Anime
Pokémon
The Office
WWE
Country
Song
Soccer
Puzzle
NFL
hide this ad
More By:
C_schnee16
Quiz
Plays
Rating
Category
Featured
Created
Can you place the words in these famous movie titles
31
2.00
Movies
Feb 17, 2017
Go to Creator's Profile
Score Distribution
Quiz Creator Spotlight
C_schnee16
Follow
Send a Message
Quizzes Created
-
Created Quiz Play Count
-
More By This Creator
Popular Quizzes Today
1
Colored Red Africa Blitz
2
Find the 'City' Movie
3
5x2 Blitz: Bands
4
Find the US States - No Outlines Minefield
5
The Countries of the World
6
Find the US States
7
US States
8
Find the Countries of Europe - No Outlines Minefield
More Movies Quizzes
Follow That Line: Spielberg Movies
Published
Trending Quizzes
Colored Red Europe Blitz I
Colored Red Europe Blitz II
Colored Red Africa Blitz II
Colored Red Europe Blitz III
Colored Red Africa Blitz III
Recently Updated
How Do You Spell That?
pecheneg
Godzilla Movies
pecheneg
Grab Bag: 4-10 Letters
pecheneg
2024 March Madness Bracket
pecheneg
Famous TV Couples
Peacemaker
Champions League XIs: Real Madrid
pecheneg
Largest US Cities 1790-2010
pecheneg
Rides in Walt Disney World
pecheneg
Most Oscar Losses (Acting)
pecheneg
Beyoncé Albums
pecheneg
Trending Topics
Disney
Anime
Kpop
Crossword
NBA
Marvel
Harry Potter
Song
WWE
Country
Puzzle
Soccer
The Office
NFL
Pokémon
Your Account Isn't Verified!
In order to create a playlist on Sporcle, you need to verify the email address you used during registration. Go to your
Sporcle Settings
to finish the process.
Report this User
Report this user for behavior that violates our
Community Guidelines
.
Details:
Send Report
Go to the Sporcle.com Mobile Site →
Comments